Leadership experience (Record no. 359978)

MARC details
000 -LEADER
fixed length control field 00495 a2200205 4500
005 - DATE & TIME
control field 20250503151806.0
008 - FIXED-LENGTH DATA ELEMENTS--GENERAL INFORMATION
fixed length control field 250220b |||||||| |||| 00| 0 eng d
020 ## - ISBN
International Standard Book Number 9789353508852
Price Rs. 850.00
040 ## - CATALOGING SOURCE
Original cataloging agency VIVEKANANDA LIBRARY
082 ## - DDC NUMBER
Classification number 658.4092
Book Number D131L(8)
100 ## - MAIN ENTRY--PERSONAL NAME
Personal name Daft, Richard L
245 ## - TITLE STATEMENT
Title Leadership experience
250 ## - EDITION STATEMENT
Edition statement 8th
260 ## - PUBLICATION, DISTRIBUTION, ETC. (IMPRINT)
Name of publisher, distributor, etc Cengage India
Place of publication, distribution, etc Delhi
Date of publication, distribution, etc 2024
300 ## - PHYSICAL DESCRIPTION
Pages xix, 620
650 ## - Subject
Subject Management
650 ## - Subject
Subject Leadership
650 ## - Subject
Subject Motivation
942 ## - ADDED ENTRY ELEMENTS (KOHA)
Koha item type Books
Holdings
Withdrawn status Lost status Source of classification or shelving scheme Damaged status Not for loan Location (home branch) Sublocation or collection (holding branch) Shelving location Date acquired Koha issues (times borrowed) Koha full call number Accession No. Koha date last seen Koha item type
    Dewey Decimal Classification     VIVEKANANDA LIBRARY VIVEKANANDA LIBRARY IMSAR Library 21/01/2025   658.4092 D131L(8) 420534 21/01/2025 Books
© Designed and Maintained by Vivekananda Library, MDU Rohtak